[Event "DSOL 08 Liga Gr-D 1st"]
[Site "Playchess.com INT"]
[Date "2020.07.15"]
[Round "4.1"]
[White "Ihle, Jonte"]
[Black "Michels, Holger"]
[Result "0-1"]
[WhiteElo "1406"]
[BlackElo "1798"]
[PlyCount "54"]
[EventDate "2020.06.22"]
[EventType "team-tourn (rapid)"]
[EventCountry "GER"]
[SourceTitle "EXT 2021"]
[Source "ChessBase"]
[SourceDate "2020.10.23"]
[SourceVersion "1"]
[SourceVersionDate "2020.10.23"]
[SourceQuality "1"]
[WhiteTeam "Niederkassel II"]
[BlackTeam "Kastellaun II"]
[WhiteTeamCountry "GER"]
[BlackTeamCountry "GER"]

1. e4 e6 2. d4 d5 3. exd5 exd5 4. Nf3 Bd6 5. Nc3 Ne7 6. Bd3 Nbc6 7. Be3 Nb4 8. Bb5+ c6 9. Ba4 0-0 10. a3 Na6 11. h3 Nf5 12. 0-0 Nxe3 13. fxe3 Re8 14. Qd2 Bf5 15. Rae1 Bg3 16. Re2 Nc7 17. Bb3 Qf6 18. Na4 b6 19. Ba2 Re7 20. b3 Rae8 21. c4 Qg6 22. Kh1 Qh6 23. Ng1 Bg4 24. Nf3 Rxe3 25. Rxe3 Rxe3 26. Qc2 Bxf3 27. Rxf3 Re1+ 0-1

[Event "GER-chT U10"]
[Site "Magdeburg"]
[Date "2016.12.29"]
[Round "7.1"]
[White "Ihle, Jonte"]
[Black "Langer, Paul Georg"]
[Result "0-1"]
[WhiteElo "1133"]
[BlackElo "1246"]
[PlyCount "106"]
[EventDate "2016.12.27"]
[EventType "team-swiss"]
[EventRounds "7"]
[EventCountry "GER"]
[SourceTitle "EXT 2018"]
[Source "ChessBase"]
[SourceDate "2017.10.13"]
[SourceVersion "1"]
[SourceVersionDate "2017.10.13"]
[SourceQuality "1"]
[WhiteTeam "Niederkassel"]
[BlackTeam "Stadtilm Blau Weiss"]
[WhiteTeamCountry "GER"]
[BlackTeamCountry "GER"]

1. e4 e5 2. Nf3 Nc6 3. Bc4 Bc5 4. Nc3 Nf6 5. d3 h6 6. a3 d6 7. h3 Be6 8. Bxe6 fxe6 9. Be3 Bb6 10. Qd2 Qd7 11. 0-0 0-0 12. Bxb6 axb6 13. Rfe1 Qf7 14. Ne2 Rfe8 15. Ng3 Nh5 16. Nxh5 Qxh5 17. Qe2 Ne7 18. Nh2 Qxe2 19. Rxe2 Ng6 20. g3 Rac8 21. Kg2 b5 22. c3 c5 23. Ree1 c4 24. dxc4 bxc4 25. Red1 Rcd8 26. Nf3 d5 27. exd5 exd5 28. Re1 Rf8 29. Rad1 Kf7 30. Rd2 Rd7 31. Red1 Rfd8 32. Re1 Kf6 33. Rde2 Re7 34. Rd2 Kf5 35. Kh2 e4 36. Nd4+ Kg5 37. Rde2 Rde8 38. f3 exf3 39. Rxe7 Rxe7 40. Nxf3+ Kf6 41. Rxe7 Nxe7 42. g4 Ng6 43. Kg3 Ne5 44. Ne1 Nc6 45. Kf4 g5+ 46. Ke3 b6 47. Nc2 Ke5 48. Nd4 Nxd4 49. cxd4+ Kd6 50. Kd2 Kc6 51. Kc3 Kb5 52. b3 cxb3 53. Kxb3 Ka5 0-1

[Event "GER-chT U10"]
[Site "Magdeburg"]
[Date "2016.12.29"]
[Round "6.1"]
[White "Lesser, Luan"]
[Black "Ihle, Jonte"]
[Result "0-1"]
[WhiteElo "869"]
[BlackElo "1133"]
[PlyCount "61"]
[EventDate "2016.12.27"]
[EventType "team-swiss"]
[EventRounds "7"]
[EventCountry "GER"]
[SourceTitle "EXT 2018"]
[Source "ChessBase"]
[SourceDate "2017.10.13"]
[SourceVersion "1"]
[SourceVersionDate "2017.10.13"]
[SourceQuality "1"]
[WhiteTeam "Goettingen Rochade"]
[BlackTeam "Niederkassel"]
[WhiteTeamCountry "GER"]
[BlackTeamCountry "GER"]

1. e4 e5 2. f4 exf4 3. Nf3 d6 4. d4 Nf6 5. e5 dxe5 6. dxe5 Qxd1+ 7. Kxd1 Ng4 8. Ke1 Bf5 9. Nd4 Bg6 10. Bxf4 c6 11. Be2 Nh6 12. g4 Ng8 13. e6 fxe6 14. Nxe6 Nf6 15. Nc7+ Kd8 16. g5 Nd5 17. Ne6+ Ke7 18. Nxf8 Rxf8 19. Bd2 Kf7 20. Rf1+ Kg8 21. Rxf8+ Kxf8 22. c4 Nb6 23. Bb4+ Kg8 24. c5 Nd5 25. Bc4 Kh8 26. Bd2 Nd7 27. b4 Re8+ 28. Kf2 Ne5 29. h3 Nxc4 30. Be1 Nb2 31. Nc3 0-1

[Event "GER-chT U10"]
[Site "Magdeburg"]
[Date "2016.12.28"]
[Round "3.1"]
[White "Mischke, Richard"]
[Black "Ihle, Jonte"]
[Result "0-1"]
[WhiteElo "900"]
[BlackElo "1133"]
[PlyCount "104"]
[EventDate "2016.12.27"]
[EventType "team-swiss"]
[EventRounds "7"]
[EventCountry "GER"]
[SourceTitle "EXT 2018"]
[Source "ChessBase"]
[SourceDate "2017.10.13"]
[SourceVersion "1"]
[SourceVersionDate "2017.10.13"]
[SourceQuality "1"]
[WhiteTeam "Graefenhainichen"]
[BlackTeam "Niederkassel"]
[WhiteTeamCountry "GER"]
[BlackTeamCountry "GER"]

1. d4 Nf6 2. Nc3 g6 3. Nf3 Bg7 4. g3 d6 5. Bg2 c6 6. Bf4 Nbd7 7. e4 0-0 8. 0-0 Nb6 9. Re1 Re8 10. e5 dxe5 11. Nxe5 Nfd7 12. Nxd7 Bxd7 13. Qf3 Bxd4 14. Rad1 Bg7 15. Bh3 e6 16. Bg2 Qf6 17. Rd2 Nd5 18. Nxd5 cxd5 19. c3 Rac8 20. Ree2 Bc6 21. Qg4 Qf5 22. Qxf5 gxf5 23. Be3 a6 24. b4 Bxc3 25. Rc2 Bxb4 26. Bf4 Bb5 27. Rxc8 Rxc8 28. Rb2 Be7 29. Bf3 Bf6 30. Rd2 Rc1+ 31. Kg2 Bf1+ 32. Kg1 Bh3+ 33. Rd1 Rxd1+ 34. Bxd1 Bg4 35. f3 Bh5 36. g4 fxg4 37. fxg4 Bg6 38. g5 Bd4+ 39. Kg2 Kg7 40. Kg3 f6 41. Kh4 fxg5+ 42. Bxg5 e5 43. Kg4 e4 44. Kg3 h6 45. Bf4 e3 46. Kg2 Bd3 47. Kf3 Bc4 48. Bxe3 Bxe3 49. Kxe3 Bxa2 50. Kd4 Kf6 51. Bf3 Ke6 52. h4 b5 0-1

[Event "GER-chT U10"]
[Site "Magdeburg"]
[Date "2016.12.27"]
[Round "1.1"]
[White "Atze, Reinhard"]
[Black "Ihle, Jonte"]
[Result "1/2-1/2"]
[WhiteElo "1169"]
[BlackElo "1133"]
[PlyCount "58"]
[EventDate "2016.12.27"]
[EventType "team-swiss"]
[EventRounds "7"]
[EventCountry "GER"]
[SourceTitle "EXT 2018"]
[Source "ChessBase"]
[SourceDate "2017.10.13"]
[SourceVersion "1"]
[SourceVersionDate "2017.10.13"]
[SourceQuality "1"]
[WhiteTeam "Plauen Koenig"]
[BlackTeam "Niederkassel"]
[WhiteTeamCountry "GER"]
[BlackTeamCountry "GER"]

1. e4 e5 2. Nf3 Nc6 3. d4 exd4 4. Bc4 h6 5. 0-0 Bc5 6. c3 dxc3 7. Nxc3 Nge7 8. Bf4 d6 9. e5 0-0 10. exd6 Bxd6 11. Bxd6 Qxd6 12. Qxd6 cxd6 13. Rfe1 Bf5 14. Nb5 Rad8 15. Rad1 d5 16. Bb3 a6 17. Nc3 d4 18. Ne2 d3 19. Nf4 Ng6 20. Nxg6 Bxg6 21. Nh4 Bh7 22. Nf3 Na5 23. Re7 Nxb3 24. axb3 Rfe8 25. Rxb7 d2 26. Rc7 Rc8 27. Rxc8 Rxc8 28. Nxd2 Rd8 29. Re1 Bc2 1/2-1/2